| 000 | 00754cab a2200217 4500 | ||
|---|---|---|---|
| 001 | ABS46720 | ||
| 008 | 090401t1992 xxu||||| |||| 00| 0 eng d | ||
| 035 | _a(Sirsi) u59345 | ||
| 041 | _aeng | ||
| 245 | _aCentrefolio: South Hampshire | ||
| 260 | _c1992 | ||
| 350 | _a0 | ||
| 490 |
_aChartered Surveyor Weekly _v40(3) 16 July 1992, 25-49(13) |
||
| 520 | _aReviews the office, retail and industrial market in Southampton, Eastleigh and Portsmouth. Tenant profiles looks at Index, Barclays Bank, and Novatech. Building File features Skandia House, Southampton. | ||
| 650 | _aEASTLEIGH | ||
| 650 | _aPORTSMOUTH | ||
| 650 | _aSOUTHAMPTON | ||
| 690 | _aPROPERTY-COMMERCIAL PROPERTY-COMMERCIAL PROPERTY MARKET | ||
| 942 | _n0 | ||
| 948 | _c04/03/1997 | ||
| 999 |
_c36410 _d36410 |
||